夏日的檸檬草
| 資料類型: | 圖書 | 書目號: | 45873 |
Leader xxxxxxxxxx 001 __ PCLIS00045873 005 __ 20210720160405.0 010 0_ |a978-986-89052-0-7|b平裝|dNT$220 100 __ |a20130408d2013 m y0chiy09 e 101 0_ |achi 102 __ |atw 105 __ |ay z 000ay 200 1_ |a夏日的檸檬草|f瑪琪朵著 205 __ |a初版 210 __ |a臺北市|c城邦原創出版|c家庭傳媒城邦分公司發行|c高見文化經銷|d2013[民102] 215 0_ |a277面|d21公分 225 2_ |a戀小說|v2 410 _1 |12001 |a戀小說 300 __ |a本館最新館藏為2016年6月20.5刷 681 __ |a857.7|b8339 700 _0 |a瑪琪朵|4著 801 _0 |atw|b內湖高中|c20130408|gCCR |